| 000 | 01003nam a22003257a 4500 | ||
|---|---|---|---|
| 003 | CHAP | ||
| 005 | 20220817041822.0 | ||
| 008 | 971013s1974 r 00010 d | ||
| 010 | _a25515 | ||
| 011 | _a26487 | ||
| 035 | _a30588 | ||
| 040 | _cCHAP | ||
| 090 | _aFolleto 2516 | ||
| 110 |
_aInstituto Nacional de la Nutrición. México _959378 |
||
| 245 | _aTrabajos publicados y resúmenes de 1959 a 1974 | ||
| 260 |
_a(s.l.) El Instituto, _c1974 |
||
| 300 | _a92 p | ||
| 490 |
_aPublicación _v; L-18 |
||
| 590 |
_aBATCH-UPD _b10 _c20130110 _lUCH01 _h1330 |
||
| 590 |
_aBATCH-UPD _b10 _c20130410 _lUCH01 _h0836 |
||
| 590 |
_aBATCH-UPD _b10 _c20130914 _lUCH01 _h1843 |
||
| 590 |
_aCONVERSION _b10 _c20130109 _lUCH01 _h1315 |
||
| 650 | 1 | 4 |
_aNutrición _xBibliografía. _982249 |
| 650 | 1 | 4 |
_aNutrición _xInvestigación. _982260 |
| 650 | 1 | 4 |
_aNutrición _xMéxico. _982263 |
| 830 | 0 |
_aPublicación _v; L-18 |
|
| 901 | _aBK | ||
| 942 | _cFOLL | ||
| 949 |
_aFolleto 2516 _bBC _cFOLL _d-70897 _eTS1 _i30588 _mD _si |
||
| 999 |
_c25515 _d25515 |
||